Nová účtovná smernica Európskej únie
Na minha lista:
| Autor principal: | |
|---|---|
| Formato: | Livro |
| Idioma: | eslovaco |
| Publicado em: |
Bratislava
Wolters Kluwer
2014
|
| Colecção: | Ekonómia
|
| Assuntos: | |
| Tags: |
Sem tags, seja o primeiro a adicionar uma tag!
|
MARC
| LEADER | 00000nam a2200000 4500 | ||
|---|---|---|---|
| 001 | 0204309 | ||
| 005 | 20240314094442.1 | ||
| 020 | |a 978-80-8168-059-5 | ||
| 041 | 0 | |a slo | |
| 044 | |a SK | ||
| 245 | 1 | 0 | |a Nová účtovná smernica Európskej únie |c Richard Farkaš |
| 264 | 1 | |a Bratislava |b Wolters Kluwer |c 2014 | |
| 300 | |a 164 s. | ||
| 490 | 1 | |a Ekonómia | |
| 830 | 0 | |a Ekonómia | |
| 610 | 2 | 0 | |a smernice |
| 610 | 2 | 0 | |a účtovníctvo |
| 610 | 2 | 0 | |a Európska únia |
| 610 | 2 | 0 | |a závierka účtovná |
| 610 | 2 | 0 | |a závierka účtovná konsolidovaná |
| 610 | 2 | 0 | |a audit |
| 100 | 1 | |a Farkaš, Richard | |